Online
Catalog

El cartero del rey. / (Record no. 34092)

MARC details
000 -CABECERA
campo de control de longitud fija 00644nam a2200205 a 4500
001 - NÚMERO DE CONTROL
campo de control 000034601
005 - FECHA Y HORA DE LA ÚLTIMA TRANSACCIÓN
campo de control 20200930073806.0
008 - DATOS DE LONGITUD FIJA--INFORMACIÓN GENERAL
campo de control de longitud fija 111010s2008 sp 000 0 spa d
020 ## - NÚMERO INTERNACIONAL ESTÁNDAR DEL LIBRO
Número Internacional Estándar del Libro 9788497648134
040 ## - FUENTE DE LA CATALOGACIÓN
Centro catalogador/agencia de origen DO-SdBNP
Lengua de catalogación spa
Centro/agencia transcriptor BNPHU
082 ## - NÚMERO DE LA CLASIFICACIÓN DECIMAL DEWEY
Número de clasificación xxxx
Número de documento/Ítem T128c
100 1# - ENTRADA PRINCIPAL--NOMBRE DE PERSONA
Nombre de persona Tagore, Rabindranath T.,
Fechas asociadas al nombre 1861-
9 (RLIN) 60040
240 10 - TÍTULO UNIFORME
Título uniforme The post office
Lenguaje de la obra Español
245 13 - MENCIÓN DE TÍTULO
Título El cartero del rey. /
Mención de responsabilidad, etc. Rabindranath T. Tagore.
260 ## - PUBLICACIÓN, DISTRIBUCIÓN, ETC.
Lugar de publicación, distribución, etc. Madrid :
Nombre del editor, distribuidor, etc. EDIMAT Libros,
Fecha de publicación, distribución, etc. 2008.
300 ## - DESCRIPCIÓN FÍSICA
Extensión 89 p. ;
Dimensiones 19 cm..
490 1# - MENCIÓN DE SERIE
Mención de serie Clásicos de la literatura.
-- Teatro
500 ## - NOTA GENERAL
Nota general Traducido del inglés
830 #0 - PUNTO DE ACCESO ADICIONAL DE SERIE-TÍTULO UNIFORME
Título uniforme Clásicos de la literatura.
Nombre de parte o sección de la obra Teatro
9 (RLIN) 60039
Holdings
Estado de retiro Estado de pérdida Restricciones de uso No para préstamo Código de colección Localización permanente Ubicación/localización actual Ubicación en estantería Fecha de adquisición Número de inventario Total de préstamos Signatura topográfica completa Código de barras Fecha visto por última vez Precio válido a partir de Tipo de ítem Koha
      Préstamo restrigido Monografías: Libros y Folletos General General En encuadernación 10.10.2011 LF1   xxxx T128c 34601-10 25.06.2020 25.06.2020 No se presta

Powered by Koha